| 000 | 01062nam a22002537a 4500 | ||
|---|---|---|---|
| 005 | 20090825120337.0 | ||
| 008 | 090728t xxu||||| |||| 00| 0 pun d | ||
| 010 | _aPUN-6520 | ||
| 020 |
_c150.00 _a9789350170281 |
||
| 035 | _aPN-5638 | ||
| 037 | _bDBAD / PUB | ||
| 040 |
_adpl _bpn |
||
| 082 | _a854 | ||
| 100 |
_924414 _aਮਹਿਤਾ, ਨੰਦ ਸਿੰਘ |
||
| 245 |
_aਯਾਦਾਂ ਦੇ ਵਰਕੇ / _cਨੰਦ ਸਿੰਘ ਮਹਿਤਾ |
||
| 246 |
_aYadan de varke _bby Nand Singh Mehta |
||
| 260 |
_aਚੰਡੀਗਡ਼ _bਲੋਕਗੀਤ ਪ੍ਰਕਾਸ਼ਨ _c2010 |
||
| 270 |
_as.c.o-26-27, Sector-34-A, _bਚੰਡੀਗਡ਼ _e160022 _k01624-682954, 09781534406 |
||
| 300 | 4 |
_a150 ਸਫੇ _c22 ਸੇਮੀ (ਸਜਿਲੱਦ) |
|
| 650 |
_924412 _aਸਾਹਿਤ ਨਿਬੰਧ |
||
| 650 |
_aEssays _924431 |
||
| 942 |
_2ddc _cPN _h854 _mਮਹਿਤਾ |
||
| 999 |
_c48899 _d48899 |
||